000
00313nam a2200145Ia 4500
100
_a
Vennard John K
942
_c
BK
654
_a
Fluid mechanics
245
_a
Elementary Fluid Mechanics
260
_b
John wiley
_a
New York
_c
1982
082
_a
532
_b
PAN
300
_a
422
546
_a
ENGLISH
999
_c
29119
_d
29119